000
00296nam a2200097Ia 4500
005
20250424112849.0
008
250424s9999 xx 000 0 und d
300
_a
ix, 174 p. : ill. ; 29 cm.
650
_a
Biology--Nigeria--Periodicals. Biodiversity conservation--Nigeria--Periodicals.
942
_c
SR
999
_c
37574
_d
37574